|
|
|
|
| LEADER |
01613nam a22003613a 4500 |
| 001 |
35338 |
| 003 |
BD-DhAAL |
| 005 |
20200224102119.0 |
| 008 |
190911t2005 enka b 001 0 eng d |
| 999 |
|
|
|c 41205
|d 41205
|
| 010 |
|
|
|a 2004090349
|
| 015 |
|
|
|a GB A3-U1886
|
| 020 |
|
|
|a 0761940669
|
| 020 |
|
|
|a 9780761940661
|
| 035 |
|
|
|a (OCoLC)ocm57023073
|
| 040 |
|
|
|a EQO
|c EQO
|d NTE
|d UAB
|d DLC
|d BD-DhAAL
|
| 050 |
0 |
0 |
|a MLCM 2006/11258
|
| 082 |
0 |
4 |
|a 371.94
|2 21
|
| 245 |
0 |
0 |
|a Handbook of emotional & behavioural difficulties /
|c Peter Clough ... [et al.].
|
| 246 |
3 |
|
|a Handbook of emotional and behavioural difficulties
|
| 260 |
|
|
|a London ;
|a Thousand Oaks :
|b SAGE,
|c 2005.
|
| 300 |
|
|
|a xv, 446 pages :
|b illustrations ;
|c 26 cm.
|
| 504 |
|
|
|a Includes bibliographical references and index.
|
| 526 |
|
|
|a BIED
|
| 541 |
|
|
|a Complimentary copy from BIED
|e 35338, 36309
|
| 650 |
|
0 |
|a Problem children
|x Education.
|9 34412
|
| 650 |
|
0 |
|a Problem children
|x Behavior modification.
|9 34413
|
| 650 |
|
0 |
|a Adjustment disorders in children.
|9 34414
|
| 700 |
1 |
|
|a Clough, Peter,
|d 1949-
|9 34415
|
| 852 |
|
|
|a Ayesha Abed Library
|c General Stacks
|
| 942 |
|
|
|2 ddc
|c BK
|
| 952 |
|
|
|0 0
|1 0
|2 ddc
|4 0
|6 371_940000000000000_HAN
|7 0
|9 66238
|a BRACUL
|b BRACUL
|c GEN
|d 2019-09-11
|e Complimentary copy from BIED
|l 1
|m 2
|o 371.94 HAN
|p 3010035338
|r 2023-01-22
|s 2023-01-03
|t 1
|w 2019-09-11
|y BK
|x Transferred from BIED to General Stacks
|
| 952 |
|
|
|0 0
|1 0
|2 ddc
|4 0
|6 371_940000000000000_HAN
|7 0
|9 68000
|a BRACUL
|b BRACUL
|c GEN
|d 2020-02-24
|e Complimentary copy from BIED
|l 0
|o 371.94 HAN
|p 3010036309
|r 2020-02-24
|t 2
|w 2020-02-24
|y BK
|x Transferred from BIED to General Stacks
|